Score 0/8 Timer 09:00
0 Plays Today
Role description Actor % Correct
Starred in Harry Potter as Harry.???
95%
Had a role in Star Wars: The Force Awakens as Han-Solo???
95%
Starred in The Martian as Mark.???
95%
Co-Starred in Titanic as Rose.???
90%
Starred in The Hunger Games as Katniss.???
90%
Starred in Percy Jackson as Percy.???
20%
Starred in Hustle and Flow.???
10%
Starred in Pants On Fire as Jack.???
5%
Come Together.
Have Fun.
All Virtual.
We all need to come together. Play Sporcle's virtual live trivia to have fun, connect with people, and get your trivia on. Join a live hosted trivia game for your favorite pub trivia experience done virtually. If a virtual private party is more your thing, go here for details.

You're not logged in!

Compare scores with friends on all Sporcle quizzes.
OR
Log In

Sporcle TV

Today on Sporcle TV


Watch our educational content, quiz creation guides, and fun videos on Sporcle TV.

Show Comments

Extras

Created Feb 7, 2016ReportNominate
Tags:Actor Quiz, Actress Quiz

Top Quizzes Today


Score Distribution

Paid Content

Your Account Isn't Verified!

In order to create a playlist on Sporcle, you need to verify the email address you used during registration. Go to your Sporcle Settings to finish the process.

Report this User

Report this user for behavior that violates our Community Guidelines.

Details: